| 000 | 00472nam a2200157 i 4500 | ||
|---|---|---|---|
| 001 | 142614 | ||
| 003 | ES-MaACL | ||
| 007 | t| | ||
| 008 | 071009s1917 sp ||||1| spa d | ||
| 100 | 1 |
_aViada y Vilaseca, Salvador. _9114257 |
|
| 245 | 1 | 0 |
_aDiccionario de la lengua española / _cpor Salvador Viada y Vilaseca. |
| 250 | _a7ª ed. | ||
| 260 |
_aMadrid : _b[s.n.], _c1917 ( _fHijos de M. G. Hernández) |
||
| 300 |
_aXVI, 1595 p. ; _c21 cm. |
||
| 852 |
_aES-MaACL _jB-5676 |
||
| 999 |
_c142614 _d142614 |
||